LEADER 01261nam0-22003251i-450- 001 990004466040403321 005 20141113091426.0 035 $a000446604 035 $aFED01000446604 035 $a(Aleph)000446604FED01 035 $a000446604 100 $a19990604d1867----km-y0itay50------ba 101 0 $aita 102 $aIT 105 $ay-------001y- 200 1 $a<>episcopato e la rivoluzione in Italia ossia atti collettivi dei vescovi italiani preceduti da quelli del sommo pontefice Pio IX contro le leggi e i fatti della rivoluzione$eofferti a San Pietro in occasione del diciottesimo centenario del glorioso suo martirio 210 $aMondovì$cTip. Vescovile di Gio. Issoglio e C.$d1867 215 $av. (LXXXV,381 p.)$d25 cm 610 0 $aChiesa e Stato$aSec. 19. 610 0 $aEpiscopato 676 $a261.7 676 $a322.1094508 702 1$aPius$c 801 0$aIT$bUNINA$gRICA$2UNIMARC 901 $aBK 912 $a990004466040403321 952 $aSG 200/B 164$bR.Bibl. 14417$fFLFBC 959 $aFLFBC 996 $aEpiscopato e la rivoluzione in Italia ossia atti collettivi dei vescovi italiani preceduti da quelli del sommo pontefice Pio IX contro le leggi e i fatti della rivoluzione$9545299 997 $aUNINA LEADER 01151nam--2200385---450- 001 990003668940203316 005 20120608104201.0 010 $a978-88-17-12822-3 035 $a000366894 035 $aUSA01000366894 035 $a(ALEPH)000366894USA01 035 $a000366894 100 $a20120608d2008----km-y0itay50------ba 101 0 $aita 102 $aIT 105 $ay|||z|||001yy 200 1 $aAmata scrittura$elaboratorio di analisi letture proposte conversazioni$fDacia Maraini$gtesti raccolti e curati da Viviana Rosi e Maria Pia Simonetti 205 $a2. ed 210 $aMilano$cBUR$d2008 215 $a310 p.$d20 cm 225 2 $aBUR$iScrittori contemporanei 410 0$12001$aBUR$iScrittori contemporanei 606 0 $aNarrativa$2BNCF 676 $a808.3 700 1$aMARAINI,$bDacia$0193863 702 1$aROSI,$bViviana 702 1$aSIMONETTI,$bMaria Pia 801 0$aIT$bsalbc$gISBD 912 $a990003668940203316 951 $aIV.2. 2357$b236125 L.M.$cIV.2.$d00311618 959 $aBK 969 $aUMA 979 $aANNAMARIA$b90$c20120608$lUSA01$h1042 996 $aAmata scrittura$9878805 997 $aUNISA